Bách gia chư tử: lược khảo

Gespeichert in:
Bibliographische Detailangaben
1. Verfasser: Trần Văn
Format: Buch
Sprache:Undetermined
Veröffentlicht: Tp. HCM Văn nghệ 1991
Schlagworte:
Tags: Tag hinzufügen
Keine Tags, Fügen Sie den ersten Tag hinzu!
Thư viện lưu trữ: Trung tâm Học liệu Trường Đại học Cần Thơ
LEADER 00539nam a2200181Ia 4500
001 CTU_5269
008 210402s9999 xx 000 0 und d
082 |a 181.11 
082 |b V115b 
100 |a Trần Văn 
245 0 |a Bách gia chư tử: lược khảo 
245 0 |c Trần Văn 
260 |a Tp. HCM 
260 |b Văn nghệ 
260 |c 1991 
650 |a confucius and confucianism,philosophy, chinese 
904 |i Nguyễn Quang Điền, 960711 
980 |a Trung tâm Học liệu Trường Đại học Cần Thơ